Co-housing, zóna Sosnová, Bratislava
Enregistré dans:
| Auteur principal: | |
|---|---|
| Autres auteurs: | |
| Format: | Manuscrit Livre |
| Langue: | slovaque |
| Publié: |
Bratislava
2016
|
| Sujets: | |
| Accès en ligne: | http://is.stuba.sk/zp/portal_zp.pl?podrobnosti=121657 |
| Tags: |
Pas de tags, Soyez le premier à ajouter un tag!
|
MARC
| LEADER | 00000ntm a22000003a 4500 | ||
|---|---|---|---|
| 001 | stuzp57867 | ||
| 003 | SK-STU | ||
| 005 | 20210224122613.1 | ||
| 007 | ta | ||
| 008 | 150427s2015----xo-----f-mn---000-0-slo-d | ||
| 040 | |a STU |b slo | ||
| 041 | 0 | |a slo | |
| 100 | 1 | |a Khilman, Roman |u 058180 |4 aut |U FAD Fakulta architektúry |T FA Ústav architektúry občianskych budov |X 77555 |U A8180 |Y 399 |7 77555 | |
| 242 | 0 | 1 | |a Co-housing zona Sosnova Bratislava |y eng |
| 245 | 1 | 0 | |a Co-housing, zóna Sosnová, Bratislava |
| 260 | |c 2016 |a Bratislava | ||
| 650 | 4 | |a Rodina |2 slo | |
| 650 | 4 | |a Byt |2 slo | |
| 650 | 4 | |a Spoločné bývanie |2 slo | |
| 650 | 4 | |a Co-housing |2 eng | |
| 650 | 4 | |a Family |2 eng | |
| 650 | 4 | |a Flat |2 eng | |
| 700 | 1 | |a Bátor, Jozef |u 058180 |k Z1 |4 ths |U FAD Fakulta architektúry |T FA Ústav architektúry občianskych budov |X 4810 |U A8180 |Y 399 |7 A000004810 | |
| 856 | 4 | |u http://is.stuba.sk/zp/portal_zp.pl?podrobnosti=121657 |u https://opac.crzp.sk/?fn=detailBiblioForm&sid=FFEED6484134604A3D70A9B88729 | |
| SQL | |a stuzp57867 |b DDP |c SLO |d Co-housing, zóna Sosnová, Bratislava |e 77555 |f Khilman, Roman |g 058180 |h 4810 |i Bátor, Jozef |j 20160602 |k 153 |l 05 |m http://is.stuba.sk/zp/portal_zp.pl?podrobnosti=121657 |n I-ARCH |o 5.1.1. architektúra a urbanizmus | ||